| 000 | 00546nam a22001937a 4500 | ||
|---|---|---|---|
| 005 | 20250224131603.0 | ||
| 008 | 250224b |||||||| |||| 00| 0 eng d | ||
| 020 | _a9789354659393 | ||
| 041 | _aeng | ||
| 082 |
_23rd _aAd 610.6 CLE B11583 _bCLE |
||
| 100 |
_aClement I. _9119826 |
||
| 245 | _aInternship Textbook for General Nursing and Midwifery | ||
| 250 | _a3rd | ||
| 260 |
_aNew Delhi _bJaypee Pub. _c2022 |
||
| 300 |
_a506p _bPb _c24X17cm |
||
| 365 |
_aRupaye _b825.00 _cINR |
||
| 521 | _aInternship Textbook GNM Nursing | ||
| 942 | _cBK | ||
| 999 |
_c365257 _d365257 |
||